UK or US? Bands 4 - Statistics

General Stats
  • This quiz has been taken 55 times
  • The average score is 13 of 20
Answer Stats
Hint Answer % Correct
Artic Monkeys UK
88%
No Doubt US
88%
Tears for Fears UK
82%
the Jam UK
80%
the Stones Roses UK
78%
New Order UK
76%
the Breeders US
76%
Franz Ferdinand UK
74%
the Libertines UK
68%
the National US
66%
Yeah Yeah Yeahs US
66%
Babyshambles UK
64%
Public Enemy US
64%
NOFX US
62%
Queens of the Stone Age US
62%
Pavement US
56%
Garbage US
56%
Elastica UK
54%
My Bloody Valentine UK
36%
Dirty Pretty Things UK
34%
No matching quizzes found
Score Distribution
Percent of People with Each Score
Percentile by Number Answered
Your Score History
You have not taken this quiz